Central Library, Doon University
WEBOPAC (ONLINE PUBLIC ACCESS CATALOGUE)

Applied Analysis (Record no. 60731)

MARC details
000 -LEADER
fixed length control field 00498nam a22001937a 4500
005 - DATE & TIME
control field 20260424132801.0
008 - FIXED-LENGTH DATA ELEMENTS--GENERAL INFORMATION
fixed length control field 260424b |||||||| |||| 00| 0 eng d
020 ## - ISBN
International Standard Book Number 9780000989734
Price 1795.00
040 ## - CATALOGING SOURCE
Original cataloging agency Doon University
041 ## - Language
Language English
082 ## - DDC NUMBER
Classification number 515.7
Book Number HUN
100 ## - MAIN ENTRY--PERSONAL NAME
Personal name Hunter, John
245 ## - TITLE STATEMENT
Title Applied Analysis
260 ## - PUBLICATION, DISTRIBUTION, ETC. (IMPRINT)
Place of publication, distribution, etc New Jersey
Name of publisher, distributor, etc World Scientific
Date of publication, distribution, etc 2024
300 ## - PHYSICAL DESCRIPTION
Pages 439
650 ## - Subject
Subject Mathematics (PM USHA)
700 ## - Added Entry Personal Name
Added Entry Personal Name Nachtergaele, Bruno
942 ## - ADDED ENTRY ELEMENTS (KOHA)
Koha item type Books
100 ## - MAIN ENTRY--PERSONAL NAME
-- 26745
650 ## - Subject
-- 26738
700 ## - Added Entry Personal Name
-- 26746
952 ## - LOCATION AND ITEM INFORMATION (KOHA)
-- 2026-04-24
952 ## - LOCATION AND ITEM INFORMATION (KOHA)
-- 2026-04-24
952 ## - LOCATION AND ITEM INFORMATION (KOHA)
-- 2026-04-24
Holdings
Withdrawn status Lost status Source of classification or shelving scheme Damaged status Not for loan Location (home branch) Sublocation or collection (holding branch) Date acquired Koha issues (times borrowed) Koha full call number Accession No. Koha date last seen Koha item type
          Doon University Doon University 24.04.2026   515.7 HUN 32809 24.04.2026 Books
          Doon University Doon University 24.04.2026   515.7 HUN 32810 24.04.2026 Books
          Doon University Doon University 24.04.2026   515.7 HUN 32811 24.04.2026 Books
Contact : +91-135-2533126 (Library),+91-135-2533105 (Admin Office) , Email : doonlibrary@gmail.com

Powered by Koha